МНР. Итоги шестидесятилетия социально-экономического развития

Dades bibliogràfiques
Autor principal: Даваадорж Ц.
Altres autors: Цеденбал В.
Sumari:Исключено из фонда НТБ ТПУ
Idioma:rus
Publicat: Москва, Прогресс, 1981
Col·lecció:Социализм: Опыт. Проблемы. Перспективы
Format: MixedMaterials Llibre
KOHA link:https://koha.lib.tpu.ru/cgi-bin/koha/opac-detail.pl?biblionumber=195538

MARC

LEADER 00000nam0a2200000 4500
001 195538
005 20231031182850.0
020 |a RU  |b 81-39286 
035 |a (RuTPU)RU\TPU\book\213336 
090 |a 195538 
100 |a 20110511d1981 km y0rusy5003 ca 
101 0 |a rus 
102 |a RU 
105 |a y z 000zy 
200 1 |a МНР. Итоги шестидесятилетия социально-экономического развития  |f Ц. Даваадорж, В. Цеденбал 
210 |a Москва  |c Прогресс  |d 1981 
215 |a 126 с.  |d 20 см. 
225 1 |a Социализм: Опыт. Проблемы. Перспективы 
333 |a Исключено из фонда НТБ ТПУ 
700 1 |a Даваадорж  |b Ц.  |4 070 
701 1 |a Цеденбал  |b В.  |4 070 
801 0 |a RU  |b RuMRKP  |c 19950704  |g psbo 
801 1 |a RU  |b 63413507  |c 20110511 
801 2 |a RU  |b 63413507  |c 20160331  |g RCR 
942 |c BK